[Event "Brno Dedek Memorial-B"]
[Site "Brno"]
[Date "2005.??.??"]
[Round "7"]
[White "Prokes, Karel"]
[Black "Novak, Jaromir"]
[Result "0-1"]
[WhiteElo "1745"]
[BlackElo "1955"]
[PlyCount "84"]
[EventDate "2005.??.??"]
[EventType "tourn"]
[EventRounds "11"]
[EventCountry "CZE"]
[SourceTitle "EXT 2007"]
[Source "ChessBase"]
[SourceDate "2006.11.23"]
[SourceVersion "1"]
[SourceVersionDate "2006.11.23"]
[SourceQuality "1"]

1. e4 c5 2. Nf3 Nc6 3. d4 cxd4 4. Nxd4 e5 5. Nb5 a6 6. Nd6+ Bxd6 7. Qxd6 Qe7 8. Qd1 Nf6 9. Nc3 h6 10. Bc4 0-0 11. 0-0 d6 12. Nd5 Nxd5 13. Bxd5 Be6 14. c3 Qd7 15. Be3 Rac8 16. Qd2 Bxd5 17. Qxd5 Ne7 18. Qd2 Qc6 19. f3 Rfd8 20. Rfd1 d5 21. exd5 Nxd5 22. Qe2 b5 23. Rac1 f6 24. Rd3 Rd7 25. Rcd1 Rcd8 26. R3d2 Kf7 27. h4 f5 28. Bf2 Kf6 29. g3 g5 30. h5 Qc4 31. Qxc4 bxc4 32. Kf1 Ke6 33. Ke2 Nf6 34. Bc5 Rxd2+ 35. Rxd2 Rxd2+ 36. Kxd2 Nxh5 37. Bf8 Nxg3 38. Bxh6 Kf6 39. a4 Kg6 40. Bf8 e4 41. Bd6 f4 42. fxe4 Nxe4+ 0-1

[Event "Brno Dedek Memorial-B"]
[Site "Brno"]
[Date "2005.??.??"]
[Round "11"]
[White "Prokes, Karel"]
[Black "Vesely, Jaromir"]
[Result "0-1"]
[WhiteElo "1745"]
[BlackElo "2045"]
[PlyCount "74"]
[EventDate "2005.??.??"]
[EventType "tourn"]
[EventRounds "11"]
[EventCountry "CZE"]
[SourceTitle "EXT 2007"]
[Source "ChessBase"]
[SourceDate "2006.11.23"]
[SourceVersion "1"]
[SourceVersionDate "2006.11.23"]
[SourceQuality "1"]

1. e4 e6 2. d4 d5 3. Nc3 Nf6 4. e5 Nfd7 5. Nf3 c5 6. Be3 cxd4 7. Bxd4 Nc6 8. Bb5 a6 9. Bxc6 bxc6 10. Be3 c5 11. Bd2 Be7 12. 0-0 0-0 13. Re1 Bb7 14. Bf4 Re8 15. Qd2 Nf8 16. Bg5 f6 17. exf6 gxf6 18. Bh4 Qd7 19. Qh6 Ng6 20. Rad1 Bf8 21. Qh5 Bg7 22. Ne4 Qe7 23. Neg5 fxg5 24. Nxg5 Be5 25. Nf3 Nxh4 26. Rxe5 Nxf3+ 27. gxf3 Kh8 28. Rg5 Rg8 29. Rg4 e5 30. Kf1 Rxg4 31. fxg4 d4 32. Re1 e4 33. g5 Rg8 34. h4 Bc6 35. f4 e3 36. Ke2 Qe4 37. Kd1 Qxf4 0-1

[Event "Brno Gargulak Memorial-B"]
[Site "Brno"]
[Date "2004.??.??"]
[Round "4"]
[White "Zejda, Karel"]
[Black "Prokes, Karel"]
[Result "1-0"]
[WhiteElo "1810"]
[BlackElo "1745"]
[PlyCount "143"]
[EventDate "2004.??.??"]
[EventType "tourn"]
[EventRounds "11"]
[EventCountry "CZE"]
[SourceTitle "EXT 2007"]
[Source "ChessBase"]
[SourceDate "2006.11.23"]
[SourceVersion "1"]
[SourceVersionDate "2006.11.23"]
[SourceQuality "1"]

1. d4 d5 2. Nf3 Nf6 3. Bg5 c6 4. Nbd2 Nbd7 5. e3 e6 6. Bd3 Bd6 7. Qe2 Qb6 8. Rb1 h6 9. Bh4 Qc7 10. c3 e5 11. dxe5 Nxe5 12. Nxe5 Bxe5 13. f4 Bg4 14. Nf3 Bd6 15. Bxf6 gxf6 16. h3 Bd7 17. Nd4 0-0-0 18. 0-0 Rde8 19. Qf3 Qd8 20. b4 Bc7 21. e4 dxe4 22. Bxe4 Bb6 23. Rbd1 Bxd4+ 24. Rxd4 Qb6 25. f5 Re5 26. Kh1 Rhe8 27. Rfd1 R8e7 28. a4 a6 29. a5 Qc7 30. g3 Kd8 31. Kg2 Kc8 32. R1d2 Kb8 33. Qd3 Bc8 34. g4 Re8 35. Bf3 Re3 36. Qc2 Qe5 37. Rf2 Re1 38. Rdd2 Qc7 39. c4 Qe5 40. Qb2 Kc7 41. Rde2 Qxb2 42. Rxb2 h5 43. Rfc2 hxg4 44. hxg4 Kd6 45. Kf2 Bd7 46. Rd2+ Kc7 47. Rd4 Rc1 48. Rbd2 Bc8 49. Be2 Ra1 50. Rd6 Rb1 51. b5 cxb5 52. cxb5 axb5 53. Rxf6 Re7 54. Rb6 Re5 55. Rc2+ Kb8 56. Bf3 Re7 57. Rc5 Rb2+ 58. Kg3 Rb3 59. Rbxb5 Rxb5 60. Rxb5 Ka7 61. Rc5 Kb8 62. Kf4 f6 63. Rb5 Ka7 64. Rc5 Kb8 65. Bd5 Re5 66. Rb5 Ka7 67. Bc4 Rxb5 68. Bxb5 b6 69. a6 Bxa6 70. Bxa6 Kxa6 71. g5 b5 72. gxf6 1-0

[Event "Brno Duras BVK op-B"]
[Site "Brno"]
[Date "2003.07.06"]
[Round "9"]
[White "Petrilak, Jan"]
[Black "Prokes, Karel"]
[Result "0-1"]
[WhiteElo "1620"]
[BlackElo "1730"]
[PlyCount "150"]
[EventDate "2003.06.28"]
[EventType "swiss"]
[EventRounds "9"]
[EventCountry "CZE"]
[SourceTitle "EXT 2006"]
[Source "ChessBase"]
[SourceDate "2005.11.24"]
[SourceVersion "1"]
[SourceVersionDate "2005.11.24"]
[SourceQuality "1"]

1. e4 Nf6 2. e5 Nd5 3. Bc4 e6 4. Qf3 Nb6 5. Bb3 Nc6 6. Qf4 d6 7. Nf3 dxe5 8. Nxe5 Nxe5 9. Qxe5 Qd6 10. d4 Qxe5+ 11. dxe5 Bd7 12. 0-0 Bc5 13. a4 a5 14. Nc3 Bd4 15. Bf4 Bxc3 16. bxc3 0-0 17. Rfd1 Bc6 18. c4 Rfd8 19. c5 Rxd1+ 20. Rxd1 Nxa4 21. Be3 Nc3 22. Ra1 a4 23. Bc4 a3 24. Bd4 Nb5 25. Bb2 a2 26. Rxa2 Rxa2 27. Bxa2 Kf8 28. c4 Na7 29. g4 h6 30. Bc1 Nc8 31. h4 Bf3 32. g5 hxg5 33. Bxg5 Ne7 34. Kh2 Ng6 35. Bd8 c6 36. Kg3 Be2 37. Bc7 Kg8 38. f3 Nf8 39. f4 Bd3 40. Kf3 Kh7 41. Bd8 Kh6 42. Bg5+ Kh5 43. Bb3 Nh7 44. Ke3 Bf5 45. Bd1+ Bg4 46. Bc2 Nf8 47. Be7 Nd7 48. Bh7 f6 49. exf6 gxf6 50. Ke4 Kh6 51. Bg8 Kg7 52. Bxe6 Bxe6 53. Kd4 Kg6 54. Ke4 Bxc4 55. Kf3 Bd3 56. Kg3 b6 57. cxb6 Nxb6 58. h5+ Kf7 59. Bc5 Nd7 60. Be3 Be2 61. h6 f5 62. Kh4 Kg6 63. Bd4 Kxh6 64. Kg3 Kg6 65. Kf2 Bd3 66. Ke3 Be4 67. Bc3 Kf7 68. Ba1 Ke6 69. Bc3 Kd5 70. Ba5 Kc4 71. Bc7 c5 72. Kd2 Kb3 73. Kc1 c4 74. Ba5 Nc5 75. Kd2 Nd3 0-1

[Event "Brno Duras BVK op-B"]
[Site "Brno"]
[Date "2003.07.03"]
[Round "6"]
[White "Hodovsky, Michal"]
[Black "Prokes, Karel"]
[Result "0-1"]
[WhiteElo "1515"]
[BlackElo "1734"]
[PlyCount "34"]
[EventDate "2003.06.28"]
[EventType "swiss"]
[EventRounds "9"]
[EventCountry "CZE"]
[SourceTitle "EXT 2006"]
[Source "ChessBase"]
[SourceDate "2005.11.24"]
[SourceVersion "1"]
[SourceVersionDate "2005.11.24"]
[SourceQuality "1"]

1. e4 Nf6 2. Nc3 d5 3. exd5 Nxd5 4. Nge2 Bf5 5. Nxd5 Qxd5 6. Nc3 Qd7 7. g3 Nc6 8. Bg2 e6 9. d3 h5 10. Bd2 Be7 11. Qe2 Nd4 12. Qd1 Bg4 13. f3 Bf5 14. Ne4 h4 15. g4 h3 16. Bf1 Bxe4 17. dxe4 Bh4# 0-1

[Event "Brno Duras BVK op-B"]
[Site "Brno"]
[Date "2003.07.01"]
[Round "4"]
[White "Martisek, Karel"]
[Black "Prokes, Karel"]
[Result "1-0"]
[WhiteElo "1812"]
[BlackElo "1734"]
[PlyCount "55"]
[EventDate "2003.06.28"]
[EventType "swiss"]
[EventRounds "9"]
[EventCountry "CZE"]
[SourceTitle "EXT 2006"]
[Source "ChessBase"]
[SourceDate "2005.11.24"]
[SourceVersion "1"]
[SourceVersionDate "2005.11.24"]
[SourceQuality "1"]

1. e4 e5 2. Nf3 Nf6 3. Nxe5 Qe7 4. Nf3 Qxe4+ 5. Be2 d5 6. 0-0 Be6 7. d4 Bb4 8. c3 Bd6 9. Nbd2 Qg6 10. Nh4 Ng4 11. Nxg6 Bxh2+ 12. Kh1 hxg6 13. Bxg4 Bxg4 14. Re1+ Be6 15. Nf3 Bd6+ 16. Kg1 Nc6 17. Ng5 Kd7 18. Nxe6 fxe6 19. Qg4 Rae8 20. Bf4 Rh5 21. Bxd6 cxd6 22. Qxg6 Reh8 23. Qxe6+ Kc7 24. f3 R8h6 25. Qf7+ Kb6 26. b4 g5 27. a4 Rh7 28. a5+ 1-0

[Event "Brno Duras BVK op-B"]
[Site "Brno"]
[Date "2003.06.30"]
[Round "3"]
[White "Prokes, Karel"]
[Black "Balka, Ludvik"]
[Result "1-0"]
[WhiteElo "1734"]
[BlackElo "1586"]
[PlyCount "63"]
[EventDate "2003.06.28"]
[EventType "swiss"]
[EventRounds "9"]
[EventCountry "CZE"]
[SourceTitle "EXT 2006"]
[Source "ChessBase"]
[SourceDate "2005.11.24"]
[SourceVersion "1"]
[SourceVersionDate "2005.11.24"]
[SourceQuality "1"]

1. e4 c5 2. Nf3 Nc6 3. d4 cxd4 4. Nxd4 Nf6 5. Nc3 e5 6. Ndb5 d6 7. Bg5 a6 8. Bxf6 gxf6 9. Na3 b5 10. Nd5 f5 11. Bd3 Be6 12. c3 Bxd5 13. exd5 Ne7 14. Nxb5 Bg7 15. Na3 e4 16. Qa4+ Kf8 17. Bc4 Be5 18. Qc2 Kg7 19. g3 Qb6 20. Bb3 Bf6 21. Nc4 Qc5 22. Ne3 Rhc8 23. Rc1 Ng6 24. Nxf5+ Kf8 25. 0-0 Re8 26. Rce1 Re5 27. Ne3 Rae8 28. Ng4 Rf5 29. Rxe4 Rxe4 30. Qxe4 Qc8 31. Bc2 Ne7 32. Qe2 1-0